English for science & engineering/ (Record no. 4265)

MARC details
000 -LEADER
fixed length control field 00555nam a22001817a 4500
003 - CONTROL NUMBER IDENTIFIER
control field OSt
005 - DATE AND TIME OF LATEST TRANSACTION
control field 20250826052750.0
008 - FIXED-LENGTH DATA ELEMENTS--GENERAL INFORMATION
fixed length control field 250826b |||||||| |||| 00| 0 eng d
020 ## - INTERNATIONAL STANDARD BOOK NUMBER
International Standard Book Number 10: 1-4130-2053-4.
040 ## - CATALOGING SOURCE
Original cataloging agency DWCL-Main lib
Transcribing agency OC
082 ## - DEWEY DECIMAL CLASSIFICATION NUMBER
Classification number Circ.428 W723e 2007
100 ## - MAIN ENTRY--PERSONAL NAME
Personal name Williams, Ivor
245 ## - TITLE STATEMENT
Title English for science & engineering/
Statement of responsibility, etc. Williams Ivor
260 ## - PUBLICATION, DISTRIBUTION, ETC.
Place of publication, distribution, etc. Boston :
Name of publisher, distributor, etc. Thomson ELT,
Date of publication, distribution, etc. c2007
300 ## - PHYSICAL DESCRIPTION
Extent vi, 106 p. :
Other physical details : ill. ;
Dimensions 27 cm. + 1 Audio CD.
650 ## - SUBJECT ADDED ENTRY--TOPICAL TERM
Topical term or geographic name entry element 1.English language-Study and teaching.
942 ## - ADDED ENTRY ELEMENTS (KOHA)
Source of classification or shelving scheme Dewey Decimal Classification
Koha item type Book Circulation
Call number prefix Circ.
Suppress in OPAC No
952 ## - LOCATION AND ITEM INFORMATION (KOHA)
--
Holdings
Withdrawn status Lost status Source of classification or shelving scheme Damaged status Not for loan Home library Current library Shelving location Date acquired Source of acquisition Total Checkouts Full call number Barcode Date last seen Copy number Price effective from Koha item type Uniform Resource Identifier
    Dewey Decimal Classification     College Library College Library Circulation 06/19/2009 School Fund   Circ. 428 W723e 2007 CL46619 08/26/2025 c1 08/26/2025 BK-CIRC